|
|
|
|
| LEADER |
00000cam a2200000 4500 |
| 001 |
vtls012270357 |
| 003 |
SK-MaSNL |
| 005 |
20260301080656.0 |
| 008 |
250131s2024 xo g 011 f slo |
| 015 |
|
|
|a SNBA2025/02
|
| 020 |
|
|
|a 9788055195605
|q (viazané)
|
| 040 |
|
|
|b slo
|
| 041 |
1 |
|
|a slo
|h eng
|
| 044 |
|
|
|a xo
|c SK
|
| 072 |
|
7 |
|a 821-111-3
|x Anglická próza, anglicky písaná
|2 konspekt
|
| 080 |
|
|
|a 821.111(931)-31
|2 2011
|
| 080 |
|
|
|a (=411.16)
|2 2011
|
| 080 |
|
|
|a 341.43(=411.16)
|2 2011
|
| 080 |
|
|
|a 343.819.5
|2 2011
|
| 080 |
|
|
|a 323.12"1939/1945"
|2 2011
|
| 080 |
|
|
|a 94(100)"1939/1945"
|2 2011
|
| 080 |
|
|
|a (0:82-312.6)
|2 2011
|
| 080 |
|
|
|a 821.134.3(81)-31
|2 2001
|
| 080 |
|
|
|a 821.111(73)-31
|2 2011
|
| 100 |
1 |
|
|a Blankfeld, Keren
|4 aut
|9 251961
|
| 240 |
1 |
0 |
|a Lovers in Auschwitz
|l Slovensky
|
| 245 |
1 |
0 |
|a Milenci z Auschwitzu
|c Keren Blanffeld ; preložil Róbert Hrebíček
|
| 246 |
1 |
|
|i Obálkový podnázov:
|a Pravdivý príbeh Slovenky
|
| 264 |
|
1 |
|a Bratislava
|b Ikar, a.s.
|c 2024
|
| 300 |
|
|
|a 462 strán
|c 21 cm
|
| 336 |
|
|
|a text
|b txt
|2 rdacontent
|
| 337 |
|
|
|a bez média
|b n
|2 rdamedia
|
| 338 |
|
|
|a zväzok
|b nc
|2 rdacarrier
|
| 610 |
1 |
7 |
|a Osvienčim (koncentračný tábor)
|2 SNKKA
|9 178736
|
| 650 |
0 |
7 |
|a Židia
|2 SNKPH
|9 3760
|
| 650 |
0 |
7 |
|a deportácie Židov
|2 SNKPH
|9 4182
|
| 650 |
0 |
7 |
|a koncentračné tábory
|2 SNKPH
|9 2654
|
| 650 |
0 |
7 |
|a holokaust (1939-1945)
|2 SNKPH
|9 160313
|
| 650 |
0 |
7 |
|a druhá svetová vojna (1939-1945)
|2 SNKPH
|9 169657
|
| 650 |
0 |
7 |
|a Jews
|2 SNKPHeng
|9 267345
|
| 650 |
0 |
7 |
|a Deportation of Jews
|2 SNKPHeng
|9 327030
|
| 650 |
0 |
7 |
|a Concentration camps
|2 SNKPHeng
|9 314449
|
| 650 |
0 |
7 |
|a Holocaust (1939-1945)
|2 SNKPHeng
|9 164372
|
| 650 |
0 |
7 |
|a World War (1939-1945)
|2 SNKPHeng
|9 284172
|
| 655 |
|
7 |
|a biografické romány
|2 SNKPH
|9 1532
|
| 655 |
|
7 |
|a Biographical novels
|2 SNKPHeng
|9 278552
|
| 655 |
|
7 |
|a brazílske romány
|2 SNKPH
|9 70682
|
| 655 |
|
7 |
|a Brazilian fiction
|2 SNKPHeng
|9 327027
|
| 655 |
|
7 |
|a americké romány
|2 SNKPH
|9 1174
|
| 655 |
|
7 |
|a American novels
|2 SNKPHeng
|9 277755
|
| 700 |
1 |
|
|a Hrebíček, Róbert
|4 trl
|9 68980
|
| 852 |
|
|
|a Slovenská národná knižnica
|
| 919 |
|
|
|a 978-80-551-9560-5
|
| 954 |
|
|
|a beletria cudzojazyčná (svetová)
|2 lita
|
| 958 |
|
|
|a LX
|
| 958 |
|
|
|a UP
|
| 968 |
|
|
|b ENG
|
| 999 |
|
|
|c 653821
|d 655751
|
| 952 |
|
|
|a SNK
|b SNK
|y PREZ
|7 0
|p 17A1564215
|o snkSC 209059
|i snk2025/1583
|8 0
|0 0
|1 0
|4 0
|d 2025-01-31
|f 1
|l 0
|r 2025-11-03 00:00:00
|w 2026-02-23
|
| 952 |
|
|
|a SNK
|b SNK
|y PREZ
|7 0
|p 17A1564216
|o snkSC 209059 D1
|i snk2025/1584
|8 0
|0 0
|1 0
|4 0
|d 2025-01-31
|l 0
|r 2026-02-23 18:29:26
|w 2026-02-23
|